[Event "Agneaux St Lo op"]
[Site "Agneaux"]
[Date "2022.07.09"]
[Round "1"]
[White "Laplanche, Denis"]
[Black "Galperin, Platon"]
[Result "0-1"]
[WhiteElo "1994"]
[BlackElo "2518"]
[PlyCount "78"]
[EventDate "2022.07.09"]
[EventType "swiss"]
[EventRounds "9"]
[EventCountry "FRA"]
[SourceTitle "EXT 2023"]
[Source "ChessBase"]
[SourceDate "2022.10.05"]
[SourceVersion "1"]
[SourceVersionDate "2022.10.05"]
[SourceQuality "1"]

1. d4 Nf6 2. c4 e6 3. Nf3 c5 4. d5 exd5 5. cxd5 g6 6. Nc3 Bg7 7. e4 d6 8. Bb5+ Nbd7 9. Bf4 Qe7 10. 0-0 0-0 11. Re1 a6 12. Bxd7 Nxd7 13. a4 h6 14. Qd2 g5 15. Bg3 f6 16. Nd1 Ne5 17. Ne3 h5 18. Nf5 Bxf5 19. exf5 Bh6 20. h4 Rad8 21. hxg5 Bxg5 22. Bf4 Qg7 23. Nxg5 fxg5 24. Bxg5 Rde8 25. f4 Nc4 26. Qd1 Rxe1+ 27. Qxe1 Qd4+ 28. Kh1 Ne3 29. f6 Re8 30. f7+ Kxf7 31. Qh4 Kg6 32. Be7 Qxd5 33. Qf6+ Kh7 34. Rg1 Nf5 35. Re1 Rg8 36. Rg1 Rg6 37. Qf8 Rg8 38. Qf6 Rg7 39. Bd8 Ne3 0-1

[Event "Avoine op 34th"]
[Site "Avoine"]
[Date "2019.07.20"]
[Round "4"]
[White "Laplanche, Denis"]
[Black "Budak, Rezan"]
[Result "1-0"]
[WhiteElo "2073"]
[BlackElo "1844"]
[PlyCount "113"]
[EventDate "2019.07.20"]
[EventType "swiss"]
[EventRounds "9"]
[EventCountry "FRA"]
[SourceTitle "EXT 2020"]
[Source "ChessBase"]
[SourceDate "2019.10.17"]
[SourceVersion "1"]
[SourceVersionDate "2019.10.17"]
[SourceQuality "1"]

1. d4 d5 2. Nf3 Nf6 3. c4 dxc4 4. Nc3 a6 5. a4 Nc6 6. e4 Bg4 7. Be3 e5 8. d5 Na5 9. Qc2 Bd6 10. Nd2 b5 11. axb5 axb5 12. Nxb5 Nb3 13. Rxa8 Qxa8 14. f3 Nxd2 15. Nxd6+ cxd6 16. Bxd2 Bd7 17. Bxc4 Qa7 18. Ke2 Nh5 19. g3 f5 20. Be3 Qa5 21. Qc3 Qd8 22. Qb4 fxe4 23. Qxd6 exf3+ 24. Kf2 Qf6 25. Qxf6 Nxf6 26. Kxf3 Bg4+ 27. Kg2 0-0 28. d6+ Kh8 29. Rf1 e4 30. h3 Bf3+ 31. Kh2 Rd8 32. Ra1 h5 33. Ra6 Kh7 34. b3 Ne8 35. Bf4 Nc7 36. Ra1 Ne8 37. Ra6 Nc7 38. Ra7 Ne8 39. d7 Nf6 40. Be6 e3 41. Bxe3 Rb8 42. Bf4 Rf8 43. Bd6 Rh8 44. Be7 Nxd7 45. Bxd7 Kg6 46. Kg1 Bd5 47. b4 Rb8 48. Kf2 Rb6 49. Ke3 Ba8 50. Kd4 h4 51. gxh4 Kf7 52. Bc5 Rb7 53. Rxb7 Bxb7 54. b5 Kg8 55. Bc6 Bc8 56. b6 Bxh3 57. b7 1-0

[Event "Plancoet op-A 10th"]
[Site "Plancoet"]
[Date "2013.07.28"]
[Round "1"]
[White "Laplanche, Denis"]
[Black "Tirard, Hugo"]
[Result "0-1"]
[WhiteElo "2179"]
[BlackElo "2421"]
[PlyCount "43"]
[EventDate "2013.07.28"]
[EventType "swiss"]
[EventRounds "9"]
[EventCountry "FRA"]
[SourceTitle "EXT 2017"]
[Source "ChessBase"]
[SourceDate "2016.10.25"]
[SourceVersion "1"]
[SourceVersionDate "2016.10.25"]
[SourceQuality "1"]

1. d4 Nf6 2. c4 g6 3. Nc3 d6 4. e4 Bg7 5. f3 0-0 6. Be3 c5 7. dxc5 dxc5 8. Qxd8 Rxd8 9. Bxc5 Nc6 10. Ba3 b6 11. Nge2 e6 12. b3 Ne5 13. Nf4 g5 14. Nh3 g4 15. Ng1 Nh5 16. Rc1 Nf4 17. Rc2 Bb7 18. Kf2 f5 19. Nge2 Nfd3+ 20. Kg3 gxf3 21. gxf3 Nxf3 22. Bh3 0-1

[Event "Reunion op 13th"]
[Site "St Denis"]
[Date "2011.10.03"]
[Round "4"]
[White "Laplanche, Denis"]
[Black "Bah, Ismael"]
[Result "1-0"]
[WhiteElo "2125"]
[BlackElo "1769"]
[PlyCount "81"]
[EventDate "2011.10.01"]
[EventType "swiss"]
[EventRounds "9"]
[EventCountry "RUF"]
[SourceTitle "EXT 2012"]
[Source "ChessBase"]
[SourceDate "2011.11.24"]
[SourceVersion "1"]
[SourceVersionDate "2011.11.24"]
[SourceQuality "1"]

1. d4 d5 2. c4 c5 3. cxd5 Qxd5 4. Nf3 cxd4 5. Nc3 Qd8 6. Nxd4 e5 7. Ndb5 Qxd1+ 8. Kxd1 Na6 9. Nd5 Kd7 10. e4 Ne7 11. Be3 Nxd5 12. exd5 Bc5 13. Rc1 b6 14. g3 Bb7 15. Bh3+ Kd8 16. Ke2 Rf8 17. Rhd1 f5 18. Bg5+ Kd7 19. a3 h6 20. Be3 Rf6 21. b4 Bd6 22. f4 exf4 23. Nxd6 Kxd6 24. Bxf4+ Kd7 25. Rc3 Re8+ 26. Re3 Rxe3+ 27. Kxe3 Rf7 28. Kd4 g5 29. Be5 Nc7 30. Bf1 Ke8 31. Rc1 Kd8 32. Bc4 b5 33. Bb3 Rd7 34. d6 Na8 35. Be6 Rh7 36. Bf6+ Ke8 37. Bxf5 Rd7 38. Re1+ Kf7 39. Bxd7 Kxf6 40. Re6+ Kg7 41. Bxb5 1-0

[Event "FRA-ch op-A"]
[Site "Caen"]
[Date "2011.08.25"]
[Round "9"]
[White "Laplanche, Denis"]
[Black "Devallee, Jeremie"]
[Result "0-1"]
[WhiteElo "2125"]
[BlackElo "2054"]
[PlyCount "132"]
[EventDate "2011.08.16"]
[EventType "swiss"]
[EventRounds "11"]
[EventCountry "FRA"]
[SourceTitle "CBM 144 Extra"]
[Source "ChessBase"]
[SourceDate "2011.10.28"]
[SourceVersion "1"]
[SourceVersionDate "2011.10.28"]
[SourceQuality "1"]

1. d4 Nf6 2. Nf3 g6 3. c4 Bg7 4. Nc3 0-0 5. e4 d6 6. Be2 e5 7. 0-0 Nc6 8. d5 Ne7 9. b4 c6 10. a4 a5 11. Ba3 axb4 12. Bxb4 c5 13. Ba3 Nh5 14. Re1 f5 15. Ng5 Nf4 16. Ne6 Bxe6 17. dxe6 Nxe6 18. Rb1 Rb8 19. Bc1 Nd4 20. Bg5 Bf6 21. Bh6 Bg7 22. Bd2 f4 23. Bg4 h5 24. Bh3 f3 25. Be3 Nec6 26. g3 g5 27. g4 Qd7 28. Nd5 hxg4 29. Bf1 Kf7 30. Bxg5 Rh8 31. Qd2 Rh5 32. h4 Rbh8 33. Qb2 b5 34. cxb5 Bh6 35. bxc6 Bxg5 36. cxd7 Rxh4 37. d8N+ Kg6 38. Bg2 Rh2 39. Ne3 fxg2 40. Qxd4 exd4 41. Nxg4 Rh1+ 42. Kxg2 Rxe1 43. Rxe1 Rxd8 44. Kg3 Rf8 45. Rd1 Bf4+ 46. Kg2 Kg5 47. f3 Rb8 48. Ra1 c4 49. Kf1 Rb3 50. Nf2 Rxf3 51. Ke2 Re3+ 52. Kd1 Bg3 53. Ra2 Rf3 54. Nh1 Rf1+ 55. Ke2 Rxh1 56. Kf3 Be5 57. Rg2+ Kf6 58. Ra2 Rh3+ 59. Kg4 Rg3+ 60. Kh4 c3 61. a5 Rg8 62. a6 d3 63. a7 Ra8 64. Rf2+ Ke6 65. Rg2 Rxa7 66. Rg6+ Kf7 0-1

[Event "FRA-ch op-A"]
[Site "Caen"]
[Date "2011.08.17"]
[Round "2"]
[White "Vignier, Pascal"]
[Black "Laplanche, Denis"]
[Result "1-0"]
[WhiteElo "2046"]
[BlackElo "2125"]
[PlyCount "137"]
[EventDate "2011.08.16"]
[EventType "swiss"]
[EventRounds "11"]
[EventCountry "FRA"]
[SourceTitle "CBM 144 Extra"]
[Source "ChessBase"]
[SourceDate "2011.10.28"]
[SourceVersion "1"]
[SourceVersionDate "2011.10.28"]
[SourceQuality "1"]

1. e4 c5 2. Nf3 e6 3. c3 d5 4. exd5 exd5 5. d4 Nc6 6. Be2 Nf6 7. 0-0 Be7 8. dxc5 Bxc5 9. Nbd2 0-0 10. Nb3 Be7 11. Be3 Re8 12. Qc2 Bg4 13. Nfd4 Rc8 14. Nxc6 bxc6 15. Rad1 Bd6 16. Rfe1 Bb8 17. h3 Bxe2 18. Qxe2 Qd6 19. Qf3 Ne4 20. g3 Qg6 21. Bf4 Qf6 22. Kg2 Bxf4 23. Qxf4 Qxf4 24. gxf4 Re6 25. Nd4 Rg6+ 26. Kf1 Kf8 27. Re3 Rf6 28. Ne2 Nd6 29. b3 a5 30. Red3 Nf5 31. c4 Ne7 32. Rc1 Rd8 33. cxd5 Rxd5 34. Rxd5 Nxd5 35. Rc5 a4 36. bxa4 Nxf4 37. Rc3 Nd5 38. Ra3 c5 39. a5 Ra6 40. Ke1 Ke7 41. Kd2 Kd6 42. Kd3 Kc6 43. Kc4 f5 44. h4 g6 45. Nc1 Nb6+ 46. Kc3 Nc8 47. Nd3 Nd6 48. Ra4 Kb5 49. Ra3 Ne4+ 50. Kc2 c4 51. Nb2 Nxf2 52. Rc3 Rxa5 53. a4+ Kc6 54. Rxc4+ Kd5 55. Kd2 Ng4 56. Rf4 Nf6 57. Rb4 Ne4+ 58. Ke3 Nd6 59. Rd4+ Ke5 60. Rxd6 Rc5 61. Rd3 Rc2 62. Rb3 Rh2 63. Rb5+ Kd6 64. Nc4+ Ke6 65. Rc5 Rxh4 66. a5 Kd7 67. a6 Re4+ 68. Kf3 Re6 69. Ra5 1-0

[Event "Calvi Balagne op 07th"]
[Site "Calvi"]
[Date "2010.04.29"]
[Round "7"]
[White "Geronimi, Paul Antoine"]
[Black "Laplanche, Denis"]
[Result "1-0"]
[WhiteElo "1687"]
[BlackElo "2142"]
[PlyCount "115"]
[EventDate "2010.04.25"]
[EventType "swiss"]
[EventRounds "9"]
[EventCountry "FRA"]
[SourceTitle "CBM 136 Extra"]
[Source "ChessBase"]
[SourceDate "2010.07.02"]
[SourceVersion "2"]
[SourceVersionDate "2010.07.15"]
[SourceQuality "1"]

1. e4 c5 2. Nf3 a6 3. c3 d6 4. d4 Nf6 5. dxc5 Nxe4 6. Qa4+ Nd7 7. Qxe4 Nxc5 8. Qc2 g6 9. Bd3 Bg7 10. h3 0-0 11. 0-0 b5 12. Be3 Qc7 13. Re1 Re8 14. Nbd2 Bb7 15. Rad1 Rac8 16. Ne4 Na4 17. Qd2 f5 18. Ng3 e5 19. Bxf5 gxf5 20. Nxf5 Re6 21. Ng5 Rg6 22. Nxd6 Rd8 23. Nxb5 Rxd2 24. Nxc7 Rxd1 25. Rxd1 Bf6 26. Nce6 h6 27. Rd7 Bc6 28. Rc7 Bxg5 29. Rxc6 Bxe3 30. fxe3 Nxb2 31. Rxa6 Nd1 32. Nc5 Rg7 33. Rxh6 Nxe3 34. g4 Rc7 35. Ne4 Nd5 36. Re6 Nf4 37. Rxe5 Nxh3+ 38. Kf1 Kg7 39. Ng5 Rxc3 40. Nxh3 Rxh3 41. a4 Rg3 42. Re4 Kf6 43. Kf2 Ra3 44. Ke2 Ra1 45. Kd2 Ra3 46. Kc2 Ra2+ 47. Kb3 Ra1 48. Kb2 Rd1 49. a5 Rd5 50. Ra4 Rd8 51. a6 Ke6 52. a7 Ra8 53. Kc3 Kd6 54. Kd4 Kc6 55. Ke5 Kd7 56. Kf6 Rf8+ 57. Kg7 Ra8 58. Kf7 1-0

[Event "FRA-chT2 0304"]
[Site "France"]
[Date "2004.04.03"]
[Round "10"]
[White "Laplanche, Denis"]
[Black "Matrand, Arnaud"]
[Result "1-0"]
[WhiteElo "2133"]
[BlackElo "2140"]
[PlyCount "85"]
[EventDate "2003.10.??"]
[EventType "team"]
[EventRounds "11"]
[EventCountry "FRA"]
[SourceTitle "EXT 2005"]
[Source "ChessBase"]
[SourceDate "2004.11.15"]
[SourceVersion "1"]
[SourceVersionDate "2004.11.15"]
[SourceQuality "1"]

1. d4 Nf6 2. c4 e6 3. Nc3 Bb4 4. Qc2 0-0 5. Bg5 h6 6. Bh4 Bxc3+ 7. Qxc3 b6 8. f3 Bb7 9. e3 d6 10. c5 g5 11. Bf2 bxc5 12. dxc5 Nd5 13. Qd2 dxc5 14. Rd1 Nc6 15. e4 Nf4 16. Qc3 Qc8 17. h4 Rd8 18. Rxd8+ Qxd8 19. hxg5 Qxg5 20. Nh3 Qh5 21. g4 Qe5 22. Qxe5 Nxe5 23. Nxf4 Nxf3+ 24. Ke2 Ne5 25. Bg2 Ba6+ 26. Ke1 Rb8 27. b3 c4 28. Bxa7 Rb7 29. Bd4 cxb3 30. axb3 Nxg4 31. Rh4 Ne3 32. Bxe3 Rxb3 33. Kf2 Rb2+ 34. Kf3 Rb3 35. Kf2 Rb2+ 36. Kg1 Rb1+ 37. Kh2 Kh7 38. e5 Re1 39. Bd4 c5 40. Bc3 Re3 41. Rh3 Rxh3+ 42. Kxh3 Bc4 43. Be4+ 1-0

[Event "FRA-chT2 0304"]
[Site "France"]
[Date "2004.03.13"]
[Round "8"]
[White "Kieffer, Christian"]
[Black "Laplanche, Denis"]
[Result "0-1"]
[WhiteElo "2157"]
[BlackElo "2133"]
[PlyCount "71"]
[EventDate "2003.10.??"]
[EventType "team"]
[EventRounds "11"]
[EventCountry "FRA"]
[SourceTitle "EXT 2005"]
[Source "ChessBase"]
[SourceDate "2004.11.15"]
[SourceVersion "1"]
[SourceVersionDate "2004.11.15"]
[SourceQuality "1"]

1. e4 c5 2. Nf3 e6 3. d4 cxd4 4. Nxd4 a6 5. Bd3 b5 6. a4 Qb6 7. c3 Nc6 8. Nxc6 dxc6 9. 0-0 Nf6 10. Qe2 Bb7 11. Kh1 e5 12. f4 Bd6 13. f5 Rd8 14. Bg5 Be7 15. Nd2 0-0 16. Rf3 Rd7 17. Rg3 Rfd8 18. Rf1 c5 19. axb5 axb5 20. Bb1 c4 21. Nf3 Qc7 22. Bh6 Bf8 23. Bg5 Be7 24. Bc1 Qd6 25. Bc2 b4 26. cxb4 Qxb4 27. Nxe5 Rd2 28. Bxd2 Rxd2 29. Qxc4 Qxc4 30. Nxc4 Rxc2 31. Ne5 Nxe4 32. Rb3 Nc5 33. Rxb7 Nxb7 34. b3 Nc5 35. h3 Nxb3 36. Rb1 0-1

[Event "FRA-chT2 0304"]
[Site "France"]
[Date "2003.12.07"]
[Round "4"]
[White "Reymann, Cedric"]
[Black "Laplanche, Denis"]
[Result "0-1"]
[WhiteElo "2207"]
[BlackElo "2139"]
[PlyCount "84"]
[EventDate "2003.10.??"]
[EventType "team"]
[EventRounds "11"]
[EventCountry "FRA"]
[SourceTitle "EXT 2005"]
[Source "ChessBase"]
[SourceDate "2004.11.15"]
[SourceVersion "1"]
[SourceVersionDate "2004.11.15"]
[SourceQuality "1"]
[WhiteTeam "Bagneux"]
[BlackTeam "Caen Alekhine"]
[WhiteTeamCountry "FRA"]
[BlackTeamCountry "FRA"]

1. e4 c5 2. Nf3 e6 3. d4 cxd4 4. c3 dxc3 5. Nxc3 Bc5 6. Bc4 Ne7 7. 0-0 Nbc6 8. Qe2 0-0 9. Rd1 a6 10. e5 Nf5 11. Bd3 Nfd4 12. Nxd4 Bxd4 13. Bxh7+ Kxh7 14. Qh5+ Kg8 15. Ne4 f6 16. Nxf6+ Rxf6 17. exf6 Qxf6 18. Be3 Bxe3 19. fxe3 Qf7 20. Qc5 d5 21. Rf1 Qe7 22. Qc2 e5 23. Qg6 Bd7 24. h4 Qe6 25. Qh5 Be8 26. Qg5 Qg6 27. Rf5 Qxg5 28. Rxg5 Rd8 29. Rd1 d4 30. exd4 exd4 31. a3 Bf7 32. b4 Bc4 33. h5 Rd6 34. Kf2 Rf6+ 35. Kg3 d3 36. Rc5 b5 37. Rd2 Nd4 38. Rd1 Ne2+ 39. Kh2 Nc3 40. Rxd3 Bxd3 41. Rxc3 Be2 42. Rc8+ Kh7 0-1

[Event "Agneaux St Lo op 04th"]
[Site "Agneaux"]
[Date "2000.??.??"]
[Round "5"]
[White "Laplanche, Denis"]
[Black "Terrieux, Kevin"]
[Result "1-0"]
[WhiteElo "2162"]
[BlackElo "2003"]
[PlyCount "63"]
[EventDate "2000.02.??"]
[EventType "swiss"]
[EventRounds "7"]
[EventCountry "FRA"]
[SourceTitle "EXT 2001"]
[Source "ChessBase"]
[SourceDate "2000.11.22"]
[SourceVersion "1"]
[SourceVersionDate "2000.11.22"]
[SourceQuality "1"]

1. d4 f5 2. e4 fxe4 3. Nc3 Nf6 4. Bg5 e6 5. Nxe4 Be7 6. Ng3 0-0 7. Nf3 b6 8. Bd3 Bb7 9. Qd2 Nc6 10. c3 Nd5 11. h4 Na5 12. 0-0-0 c5 13. dxc5 bxc5 14. Ne4 Rc8 15. Nd6 Rb8 16. Ne5 Qc7 17. Bxe7 Nxe7 18. Qc2 g6 19. Bxg6 hxg6 20. Nxg6 Nf5 21. Nxb7 Rf7 22. Nxa5 Qxa5 23. Ne5 Rg7 24. g4 Qc7 25. Nxd7 Rxd7 26. Rxd7 Qxd7 27. gxf5 exf5 28. Rd1 Qe6 29. Qd2 Qb6 30. Qd6 Kg7 31. Qe5+ Kg8 32. Rg1+ 1-0